[Event "EU-ch Seniors 65 22nd"]
[Site "Acqui Terme"]
[Date "2023.05.30"]
[Round "5"]
[White "Van Herck, Marcel"]
[Black "Segal, Yosef"]
[Result "1-0"]
[WhiteElo "2009"]
[BlackElo "1834"]
[PlyCount "91"]
[EventDate "2023.05.26"]
[EventType "swiss"]
[EventRounds "9"]
[EventCountry "ITA"]
[SourceTitle "CBM 214 Extra"]
[Source "ChessBase"]
[SourceDate "2023.07.31"]
[SourceVersion "1"]
[SourceVersionDate "2023.07.31"]
[SourceQuality "1"]

1. e4 c5 2. Nf3 e6 3. d4 cxd4 4. Nxd4 a6 5. Bd3 g6 6. Be3 b5 7. 0-0 Bb7 8. Nd2 Bg7 9. a4 b4 10. a5 Ne7 11. Nc4 d5 12. exd5 Nxd5 13. Nb3 Nxe3 14. fxe3 Qc7 15. Qd2 0-0 16. Qxb4 Nd7 17. Qd6 Rfc8 18. Qxc7 Rxc7 19. c3 Bd5 20. Nbd2 Nc5 21. Be2 Bh6 22. Kf2 Nb3 23. Nxb3 Bxc4 24. Nd2 Bd5 25. Rfc1 Bg7 26. e4 Bb7 27. Ra4 Rb8 28. Rb4 Bf8 29. Rc4 Rxc4 30. Bxc4 Bh6 31. Rd1 Rc8 32. Bd3 Bxd2 33. Rxd2 Rc5 34. Ke3 Rxa5 35. b4 Ra3 36. Kd4 e5+ 37. Kc4 Bc6 38. Kc5 Rxc3+ 39. Kb6 Bb5 40. Bxb5 axb5 41. Kxb5 Re3 42. Rb2 Rxe4 43. Kc5 Kf8 44. b5 Re1 45. b6 Rc1+ 46. Kd5 1-0